MODERN ADVANCES IN MICROWAVE TECHNIQUES MICROWAVE RESEARCH INSTITUTE SYMPOSIUM SERVICE AT NEWYORK NOVEMBER 8, 9, 10, 1954 (Record no. 585277)
[ view plain ]
| 000 -LEADER | |
|---|---|
| fixed length control field | 00364nam a22001097a 4500 |
| 082 ## - DEWEY DECIMAL CLASSIFICATION NUMBER | |
| Classification number | 621.3813 MOD'P |
| 100 ## - MAIN ENTRY--PERSONAL NAME | |
| Personal name | PROCEEDINGS OF THE SYMPOSIUM |
| 9 (RLIN) | 74706 |
| 245 ## - TITLE STATEMENT | |
| Title | MODERN ADVANCES IN MICROWAVE TECHNIQUES MICROWAVE RESEARCH INSTITUTE SYMPOSIUM SERVICE AT NEWYORK NOVEMBER 8, 9, 10, 1954 |
| 260 ## - PUBLICATION, DISTRIBUTION, ETC. | |
| Place of publication, distribution, etc. | NEWYORK |
| Name of publisher, distributor, etc. | POLYTECHNIQUES |
| Date of publication, distribution, etc. | 1955 |
| 300 ## - PHYSICAL DESCRIPTION | |
| Extent | 492P |
| 942 ## - ADDED ENTRY ELEMENTS (KOHA) | |
| Koha item type | Book |
| Withdrawn status | Lost status | Damaged status | Not for loan | Permanent Location | Current Location | Shelving location | Date acquired | Total Checkouts | Full call number | Barcode | Date last seen | Price effective from | Koha item type |
|---|---|---|---|---|---|---|---|---|---|---|---|---|---|
| College of Electrical & Mechanical Engineering (CEME) | College of Electrical & Mechanical Engineering (CEME) | General Stacks | 07/07/2017 | 621.3813 MOD'P | CEME-5289 | 06/28/2021 | 06/28/2021 | Book |
